1527 1234 1372 1778 1232 1832 1184 1460 1033 1920 1043 1290 1004 1816 1653 1798 1114 1170 1398 1248 1191 1742 1438 1127 1146 1705 1888 1511 1111 1790 1014 1944 1619 1616 1063 1648 1943 1631 1593 1853 1806 1931 1553 1585 1769 1428 1963 1912 1485 1598 1391 1803 1636 1715 1191 1969 1125 1690 1340 1342 1650 1891 1141 1192 1330 1174 1036 1054 1410 1901 1336 1599 1767 1139 1564 1215 1252 1826 1908 1018 1809 1959 1169 1516 1783 1181 1285 1581 1068 1158 1202 1846 1479 1847 1689 1625 1058 1341 1597 BCNSPRNW ULIB Ver.6.0+V

เปลี่ยนเป็นภาษาไทย

Change to English
 แสดงรายละเอียดบรรณานุกรม
  กลับหน้าหลัก

Brief Record : Get Marc (ISO 2709) : E-mail record : QR code < ปิดหน้าต่าง
LEADER : 00000nam 2200000uu 4500
001    13399111272
003     ULIB
008    110621s2000||||th 000 0 eng d
020    0781722012
020    9780781722018
060 04 WQ39^bM294 2000
245 00 Manual of clinical problems in obstetrics and gynecology :/^cedited by Michel E. Rivlin, John C. Morrison, G. William Bates ; foreword by Winfred L. Wiser
250    5th ed.
260    Philadelphia :^bLippintcott Williams & Wilkins^c2000
300    xix, 508 p. ;^c22 cm.
504    Includes bibliographical references
650  2 Gynecology^vHandbooks
650  2 Obstetrics^vHandbooks
700 1  Bates, G. William,^eed.
700 1  Morrison, John C.,^eed.
700 1  Rivlin, Michel E.,^eed.
945    ^p0^l0^i014920
995     Kesorn
999 ^a ใช้งานได้ทุกระบบ
รายการนี้ยังไม่มีแท็ก
คุณยังไม่ได้ล็อกอิน คุณสามารถมีกิจกรรมร่วมกับเว็บไซต์ได้ แต่ต้องล็อกอินก่อน ::
  ล็อกอิน

รายการสื่อสารสนเทศ

ลำดับที่ ประเภท เลขเรียก/บาร์โค้ด สถานที่ สถานะ
- ไม่พบข้อมูล -

BibComment


ยังไม่เคยถูกคอมเมนท์

คอมเมนท์ทรัพยากรรายการนี้
  คอมเมนท์: Manual of clinica..


 Copyright 2026. Bcnsprnw @Library